000 00679nam a2200205Ia 4500
003 GCL
008 140319s9999 xx 000 0 ara d
040 _aGCL /
_cGCL
082 0 4 _a214
_bم ر
100 1 _aمحمد مصطفى
245 1 0 _aرحلة فى اعماق الشيخ الشعراوى بين الدين والدنيا /
_cمحمد مصطفى
250 _aالاولى
260 _aالقاهرة :
_bدار الصفوة للنشر والتوزيع ،
_c1991
300 _a81 ص:
_bايض ؛
_c24 سم
490 _a
650 0 4 _aالاسلام
650 0 4 _aالثقافة الاسلامية
650 0 4 _aالشريعة الاسلامية
942 _2ddc
_cBK
999 _c54033
_d54033